Štúdium a príprava kompozitných štruktúr kolagénu a kyseliny hyalurónovej : Obh. 8.6.1994 /

Uložené v:
Podrobná bibliografia
Hlavný autor: Juríčková, Milada (Autor)
Médium: Rukopis Kniha
Jazyk:Slovak
Vydavateľské údaje: Bratislava : STU v Bratislave ChtF, 1994
Tagy: Pridať tag
Žiadne tagy, Buďte prvý, kto otaguje tento záznam!

MARC

LEADER 00000ntm a22000003a 4500
001 stu22539
005 20150617225747.1
008 940624s1994----cs------------------slo-d
040 |a STU  |b slo 
041 0 |a slo 
044 |a cs 
100 1 |a Juríčková, Milada  |4 aut 
245 1 |a Štúdium a príprava kompozitných štruktúr kolagénu a kyseliny hyalurónovej :  |b Obh. 8.6.1994 /  |c [aut.]Juríčková,Milada 
260 |a Bratislava :  |b STU v Bratislave ChtF,  |c 1994 
300 |a 55 s :  |b Tab.,grafy,lit 
500 |a Špec.:Polygrafia a fototechnika 
996 |b CD11648  |c C*D11648  |l CCI  |s A  |a 24  |w stu22539_0001